MARC details
| 000 -CABECERA |
| campo de control de longitud fija |
01367nam a2200277 a 4500 |
| 003 - IDENTIFICADOR DEL NÚMERO DE CONTROL |
| campo de control |
MX-MxUPN |
| 005 - FECHA Y HORA DE LA ÚLTIMA TRANSACCIÓN |
| campo de control |
20220815125342.0 |
| 008 - ELEMENTOS DE LONGITUD FIJA--INFORMACIÓN GENERAL |
| campo de control de longitud fija |
200131s2017 mx a rb 000 0 spa d |
| 020 ## - NÚMERO INTERNACIONAL NORMALIZADO PARA LIBROS |
| Número Internacional Estándar del Libro |
9786079083861 (Gernika) |
| 020 ## - NÚMERO INTERNACIONAL NORMALIZADO PARA LIBROS |
| Número Internacional Estándar del Libro |
9786070289019 (UNAM) |
| 035 ## - NÚMERO DE CONTROL DEL SISTEMA |
| Número de control de sistema |
UPN01000235249 |
| 040 ## - FUENTE DE LA CATALOGACIÓN |
| Centro catalogador/agencia de origen |
MX-MxUPN |
| Lengua de catalogación |
spa |
| Centro/agencia transcriptor |
MX-MxUPN |
| 041 0# - CÓDIGO DE IDIOMA |
| Código de lengua del texto/banda sonora o título independiente |
spa |
| 050 14 - SIGNATURA TOPOGRÁFICA DE LA BIBLIOTECA DEL CONGRESO |
| Número de clasificación |
HC140 P6 |
| Número de documento/Ítem |
F6.7 |
| 245 00 - MENCIÓN DE TÍTULO |
| Título |
Formas de expresión de la pobreza urbana en el oriente de la Zona Metropolitana de la Ciudad de México / |
| Mención de responsabilidad, etc. |
coords. Orlando Eleazar Moreno Pérez, Fernando Palma Galván, Hermilo Salas Espíndola. |
| 250 ## - MENCIÓN DE EDICIÓN |
| Mención de edición |
Primera edición. |
| 260 ## - PUBLICACIÓN, DISTRIBUCIÓN, ETC. |
| Lugar de publicación, distribución, etc. |
México, D.F. : |
| Nombre del editor, distribuidor, etc. |
UNAM : |
| -- |
Gernika, |
| Fecha de publicación, distribución, etc. |
2017. |
| 300 ## - DESCRIPCIÓN FÍSICA |
| Extensión |
525 páginas : |
| Otras características físicas |
gráficas, mapas, cuadros. |
| 504 ## - NOTA DE BIBLIOGRAFÍA, ETC. |
| Nota de bibliografía, etc. |
Incluye referencias bibliográficas. |
| 505 0# - NOTA DE CONTENIDO CON FORMATO PREESTABLECIDO |
| Título |
Aspectos conceptuales de la pobreza / |
| Mención de responsabilidad |
Orlando E. Moreno Pérez, Guadalupe García Balderas -- |
| Título |
Desarrollo capitalista y diversidad de expresiones de la pobreza urbana / |
| Mención de responsabilidad |
Fernando Palma Galván, Eduardo Josué Pérez Rodríguez y Jessica Ulloa Ramírez -- |
| Título |
Expresiones territoriales de la pobreza / |
| Mención de responsabilidad |
Orlando Eleazar Moreno Pérez y Guadalupe García Balderas. |
| 650 #7 - ASIENTO SECUNDARIO DE MATERIA - TERMINO TEMATICO |
| Término de materia o nombre geográfico como elemento de entrada |
Pobreza |
| Subdivisión geográfica |
Ciudad de México |
| Fuente del encabezamiento o término |
|
| 9 (RLIN) |
45779 |
| 650 #7 - ASIENTO SECUNDARIO DE MATERIA - TERMINO TEMATICO |
| Término de materia o nombre geográfico como elemento de entrada |
Urbanismo |
| Subdivisión geográfica |
Ciudad de México |
| Fuente del encabezamiento o término |
|
| 9 (RLIN) |
21102 |
| 700 1# - ASIENTO SECUNDARIO--NOMBRE DE PERSONAL |
| Nombre de persona |
Moreno Pérez, Orlando Eleazar |
| 9 (RLIN) |
43635 |
| Término indicativo de función/relación |
coord. |
| 905 ## - TIPO DE MATERIAL |
| Tipo de material |
Libro |